Marriage and fertility in Chile: Demographic turning points in the Petorca Valley, 1840 - 1976

Enregistré dans:
Détails bibliographiques
Auteur principal: McCaa, Robert (Auteur)
Format: Livre
Langue:anglais
Publié: Boulder, Colorado, United States: Westview Press, 1983.
Collection:Dellplain Latin American Studes,
Sujets:
Accès en ligne:portada
Tags: Ajouter un tag
Pas de tags, Soyez le premier à ajouter un tag!

MARC

LEADER 00000cam a2200000 a 4500
001 UCU2650
003 CL-VaPUC
005 20241021170604.0
008 960426t19830000US |||||||||||||||||eng|d
999 |c 246891  |d 246889 
040 |c Pontificia Universidad Católica de Valparaíso 
082 0 4 |a 304.6 MCC 1983  |2 21 
100 |a McCaa, Robert  |e author  |9 448465 
245 1 0 |a Marriage and fertility in Chile:  |b Demographic turning points in the Petorca Valley, 1840 - 1976 
260 |a Boulder, Colorado, United States:  |b Westview Press,  |c 1983. 
300 |a xv, 207 páginas. 
490 0 |a Dellplain Latin American Studes,   |n 14. 
500 |a c. Fondo Budge. Donación profesor Sr. Eduardo Cavieres. 05-08-2019 
583 |a last modification  |c 20190809 09:09:52  |k Rodrigo Vera 
650 0 |a Demografía   |9 260008 
650 0 |a Geografía  |9 259346 
650 0 |a Población  |9 257577 
650 0 |a Reproducción  |9 269783 
650 0 |a Matrimonio  |2 CL-VaPUC  |9 254924 
650 0 |a Familias   |9 255641 
651 0 |a Chile  |2 CL-VaPUC  |9 254862 
651 0 |a Petorca  |2 CL-VaPUC  |9 358986  |y 1840 - 1976  |z Chile 
856 7 |f UCU2650_01.jpg  |u http://opac.pucv.cl/pucv_img/Img-2500/UCU2650_01.jpg  |q JEPG  |2 file  |z portada 
942 |c BK  |2 ddc 
945 |d 19960426 00:00:00  |a paguirre 
952 |0 0  |1 0  |4 0  |6 304_600000000000000_MCC_1983  |7 0  |8 A  |9 262243  |a BIBING  |b BIBING  |d 2019-11-19  |i 1642030  |l 1  |o 304.6 MCC 1983  |p 1642030  |r 2025-03-24  |s 2025-03-21  |w 2019-11-19  |y BK  |k GEO 
952 |0 0  |1 0  |3 erb  |4 0  |6 304_600000000000000_MCC_1983  |7 0  |8 X  |9 262244  |a FDOBUD  |b FDOBUD  |i 5594545  |o 304.6 MCC 1983  |p 5594545  |r 2019-11-19  |w 2019-11-19  |y BK_X  |z Catalogado en:20190809  |k BUD